Score 0/37 Timer 03:00
0 Plays Today
Hint 4-Letter Word % Correct
☃FRIGID ☃☃ COLD ☃
93.9%
Nat King ____COLE
93.7%
Bread or cheese fungusMOLD
91.3%
That 70's ____SHOW
87.9%
Venison or vealMEAT
86.9%
ThawMELT
84.7%
Pepsi rivalCOKE
84.2%
☃ SKIER'S DELIGHT ☃☃ SNOW ☃
83.6%
☃ ____ OF ANARCHY ☃☃ SONS ☃
83.2%
Shed plummageMOLT
82.8%
☃ ____ OLD HOUSE ☃☃ THIS ☃
81.1%
Whisker siteCHIN
78.2%
Viet ____CONG
78.1%
State south of Mass.CONN
76.3%
Ballad Of A ____ ManTHIN
76.3%
Kind of wolf or rangerLONE
76.1%
☃ JEST ☃☃ JOKE ☃
74.6%
Kleenex contentsSNOT
74.4%
Rods partner?CONE
73.9%
Hint 4-Letter Word % Correct
Arrange into pilesSORT
73.6%
Centavo or shekelCOIN
71.2%
Poultry penCOOP
71.2%
☃ HOWIE OR SHELLEY ☃☃ LONG ☃
70.8%
Fortified winePORT
70.1%
CenterCORE
69.8%
Humorous wordplayPUNS
69.7%
Inc., Ltd. or LLC relativeCORP
68.8%
Phoenix cagersSUNS
66.9%
Grub or vittlesCHOW
66.1%
Lamp blackSOOT
65.7%
County or catbird ____SEAT
61.6%
☃ THE SEVEN ____☃ SEAS ☃
59.3%
Chinese signetCHOP
57%
Chess or tea collectionsSETS
56.4%
French bridgePONT
50.7%
Brainstem partPONS
50.5%
SousesSOTS
47.6%

Today's Daily Dose

Remove Ads.
Support Sporcle.
Get the best of Sporcle when you Go Orange. This ad-free experience offers more features, more stats, and more fun while also helping to support Sporcle. Thank you for becoming a member.

You're not logged in!

Compare scores with friends on all Sporcle quizzes.
OR
Log In

Show Comments

Extras

Top Quizzes Today


Score Distribution

Your Account Isn't Verified!

In order to create a playlist on Sporcle, you need to verify the email address you used during registration. Go to your Sporcle Settings to finish the process.

Report this User

Report this user for behavior that violates our Community Guidelines.

Details: